Регионална библиотека "Любен Каравелов" - Русе

Интелектуалците (Запис номер 4367)

MARC детайли
000 -Лидер
Контролно поле с фиксирана дължина 01616nam a2200397 c 4500
003 - Код на организацията, давaща контролен номер
Контролно поле BLK
005 - Дата и час на последна редакция
Контролно поле 20220825132846.0
008 - Елементи от данни с фиксирана дължина
fixed length control field 180412b bul|||||r ||||||| ||bul||
010 ## - Наследен системен номер
LC control number KNG00005505000
020 ## - Международен стандартен номер на книга ISBN
Международен стандартен номер на книга ISBN 954-426-078-1
-- издат.: Анубис
040 ## - Източник на каталожния запис
Идентификатор на билиотеката - собственик на записа BLK
041 ## - Код за език
Код за езика на текст/звукозапис или на отделно заглавие Български
Код за езика КДБФ Български
080 ## - УДК
Текстов определител УДК Общ отдел
УДК код - определител по УДК 0
УДК определител (092)
УДК - код + определител 0(092)
080 ## - УДК
Текстов определител УДК Литература на отделни езици и езикови семейства
УДК код - определител по УДК 821
УДК определител (092)
УДК - код + определител 821(092)
080 ## - УДК
Текстов определител УДК Общи работи. Философски науки в цялост
УДК код - определител по УДК 101
УДК определител (091)(092)
УДК - код + определител 101(091)(092)
080 ## - УДК
Текстов определител УДК Биографии
УДК код - определител по УДК 929
УДК определител
УДК - код + определител 929
100 1# - Редна дума - Автор
Автор Джонсън, Пол
Авторска отговорност първи автор
R(LIN) 248600
139 ## - Редно поле
Редна дума Джонсън, Пол
Авторски знак Джо - Д 52
245 10 - Сведения за заглавието
Заглавие Интелектуалците
Подзаглавни данни Ист. етюди
Редно поле (дума) Пол Джонсън; прев. от англ. Боряна Пеевска.
257 ## - Страна на издаване
Страна на създаване/издаване Великобритания
260 ## - Област на издателските данни
-- София
Име на издателя, разпространителя и проч. Анубис
Година на издаване 1994
300 ## - Физическа характеристика
Страници 480 с.
Размери/Мащаб 20 см
380 ## - Жанр
Жанр Общ отдел
500 ## - Общи забележки
Забележка Ориг. загл. А phcenix paperback / Paul Johnson. - Авт. не е отбелязан на кор. - Други прев.: В. Бачев, Л. Терзиев, Н. Киров
650 #4 - Допълнително описание по предмет – тема
Основно описание – тема или топоним Писатели
9 (RLIN) 166332
650 #4 - Допълнително описание по предмет – тема
Основно описание – тема или топоним Поети
9 (RLIN) 166693
650 #4 - Допълнително описание по предмет – тема
Основно описание – тема или топоним Драматурзи
9 (RLIN) 153749
650 #4 - Допълнително описание по предмет – тема
Основно описание – тема или топоним Философи
9 (RLIN) 175448
653 ## - Ключова дума – ненормативна
Ключова дума интелектуалци
700 1# - Други автори (авторска отговорност)
Лично име Пеевска, Боряна
Автороска отговорност (Описва отношението между автора и произведението) прев. от англ.
9 (RLIN) 107662
852 ## - Местоположение
Форматна сигнатура Цб 180009
856 4# - Електронен адрес и достъп
Електронен формат pdf - файл
Път до файла /url/
856 4# - Електронен адрес и достъп
Електронен формат pdf - файл
Път до файла /url/
942 ## - АРТИКУЛИ
Вид на библиотечния материал Книги
Скрит в OPAC Не
Koha issues (borrowed), all copies 2
944 ## - СЪЗДАВАНЕ И РЕДАКЦИЯ на ЗАПИСА
Създаване/Редакция Създаване
Дата на регистрацията/редакция 15.01.2003
Служител, извършил регистрацията/редакцията Диана_Димитрова
944 ## - СЪЗДАВАНЕ И РЕДАКЦИЯ на ЗАПИСА
Създаване/Редакция Редакция
Дата на регистрацията/редакция 21.11.2012
Служител, извършил регистрацията/редакцията
999 ## - СИСТЕМНИ КОНТРОЛНИ НОМЕРА
Koha biblionumber 4367
Koha biblioitemnumber 4367
Наличности
Код за отписване Код за изгубен артикул Източник на класификационната схема Код за повреда Коз за рестрикции Код за отдаване Артикулен № Име на библиотеката - собственик Име на библиотеката, в която се намира в момента Статус (Текущо местоположение) Дата на вписване в системата Местоположение - отдел Цена в лева Инвентарен номер Систематично азбучна сигнатура Баркод Номер на екземпляра Цена в евро Служебна бележка Служебен тип на артикула
  Не е изгубен Universal Decimal Classification Не е повреден без рестрикции ползва се в читалня 7767 Регионална библиотека "Любен Каравелов" Русе Регионална библиотека "Любен Каравелов" Русе Читалня 2001-01-01 Читалня 1.35 608609 Ч 0(092)/Д 52 120000608609 1 0.69 Дост: Pk Вид: Ф N: стар фонд Дата: 01.01.1994 Дата инв: 21.03.2017 Бележки инв: Ч2017 Книги
  Не е изгубен Universal Decimal Classification Не е повреден без рестрикции заемане за дома 7768 Регионална библиотека "Любен Каравелов" Русе Регионална библиотека "Любен Каравелов" Русе Заемна - подръчен фонд 2001-01-01 Заемна - подръчен фонд 1.35 608610 П 0(092)/Д 52 120000608610 2 0.69 Дост: Pk Вид: Ф N: стар фонд Дата: 01.01.1994 Дата инв: 01.02.2018 Бележки инв: П2018 Книги
  Не е изгубен Universal Decimal Classification Не е повреден без рестрикции ползва се в читалня 7769 Регионална библиотека "Любен Каравелов" Русе Регионална библиотека "Любен Каравелов" Русе Хранилище 2001-01-01 Хранилище 0.00 608967 Цб 180009 120000608967 3 0.00 Дост: Dp Вид: Д N: стар фонд Дата: 01.01.1994 Дата инв: 15.05.2015 Бележки инв: Цб2015 Книги
Vip Innovations Ltd, Rousse, Bulgaria 2025